Стретчинг: подвижность, гибкость, элегантность

Bibliografiske detaljer
Hovedforfatter: Годик М. А. Марк Александрович
Andre forfattere: Барамидзе А. М. Автандил Михайлович (автор), Киселева Т. Г. Тамара Геннадьевна
Summary:В книге рассмотрены теоретические и прикладные аспекты нового метода развития и совершенствования гибкости и подвижности в суставах. Приведены комплексы упражнений, которые можно использовать как для тренировки спортсменов, так и для занятий физкультурников. Книга предназначена для тренеров, спортсменов, а также людей, самостоятельно занимающихся физическими упражнениями.
Sprog:russisk
Udgivet: Москва, Советский спорт, 1991
Serier:Спорт. Здоровье. Настроение
Fag:
Format: MixedMaterials Bog
KOHA link:https://koha.lib.tpu.ru/cgi-bin/koha/opac-detail.pl?biblionumber=126402

MARC

LEADER 00000nam0a2200000 4500
001 126402
005 20231031131848.0
010 |a 585009251X 
020 |a RU  |b 91-53880 
035 |a (RuTPU)RU\TPU\book\136748 
090 |a 126402 
100 |a 20071127d1991 m a0rusy5003 ca 
101 0 |a rus 
102 |a RU 
105 |a y z 000zy 
200 1 |a Стретчинг  |e подвижность, гибкость, элегантность  |f М. А. Годик, А. М. Барамидзе, Т. Г. Киселева 
210 |a Москва  |c Советский спорт  |d 1991 
215 |a 96 с.  |c ил. 
225 1 |a Спорт. Здоровье. Настроение 
330 |a В книге рассмотрены теоретические и прикладные аспекты нового метода развития и совершенствования гибкости и подвижности в суставах. Приведены комплексы упражнений, которые можно использовать как для тренировки спортсменов, так и для занятий физкультурников. Книга предназначена для тренеров, спортсменов, а также людей, самостоятельно занимающихся физическими упражнениями. 
610 1 |a спорт 
610 1 |a стретчинг 
610 1 |a гибкость 
610 1 |a подвижность 
610 1 |a суставы 
610 1 |a физические упражнения 
610 1 |a физкультура 
675 |a 796.4  |z rus 
700 1 |a Годик  |b М. А.  |g Марк Александрович  |4 070 
702 1 |a Барамидзе  |b А. М.  |g Автандил Михайлович  |4 070 
702 1 |a Киселева  |b Т. Г.  |g Тамара Геннадьевна  |4 070 
801 0 |a RU  |b RuMRKP  |c 19950417  |g psbo 
801 1 |a RU  |b 63413507  |c 20071127  |g PSBO 
801 2 |a RU  |b 63413507  |c 20180221  |g PSBO 
942 |c BK